Obce okresu Liberec - Statistics

General Stats
  • This quiz has been taken 36 times
  • The average score is 20 of 59
Answer Stats
Počet obyvatel Odpověď % Correct
7 932 Hrádek nad Nisou
100%
107 982 Liberec
100%
6 340 Chrastava
94%
2 923 Český Dub
89%
7 388 Frýdlant
89%
3 002 Hodkovice nad Mohelkou
89%
3 757 Nové Město pod Smrkem
89%
2 792 Hejnice
83%
2 400 Stráž nad Nisou
78%
3 741 Jablonné v Podještědí
72%
1 199 Osečná
67%
1 093 Bílý Kostel nad Nisou
56%
1 780 Mníšek
56%
604 Jindřichovice pod Smrkem
50%
1 500 Šimonovice
50%
417 Kryštofovo Údolí
44%
844 Oldřichov v Hájích
44%
708 Bílý Potok
39%
2 849 Raspenva
39%
1 350 Višňová
39%
996 Dlouhý Most
33%
561 Dolní Řasnice
33%
280 Heřmanice
33%
242 Horní Řasnice
28%
656 Jeřmanice
28%
854 Křižany
28%
549 Lázně Libverda
28%
714 Pěnčín
28%
1 340 Příšovice
28%
851 Rynoltice
28%
347 Svijany
28%
216 Sychrov
28%
249 Zdislava
28%
312 Černousy
22%
1 070 Chotyně
22%
485 Habartice
22%
450 Proseč pod Ještědem
22%
965 Bílá
17%
371 Paceřice
17%
927 Bulovka
11%
607 Čtveřín
11%
231 Hlavice
11%
481 Krásný Les
11%
350 Kunratice
11%
246 Lažany
11%
929 Nová Ves
11%
301 Pertoltice
11%
365 Radimovice
11%
979 Světlá pod Ještědem
11%
439 Svijanský Újezd
11%
177 Žďárek
11%
117 Cetenov
6%
705 Dětřichov
6%
90 Janovice v Podještědí
6%
179 Janův Důl
6%
374 Kobyly
6%
173 Soběslavice
6%
367 Vlastibořice
6%
643 Všelibice
6%
No matching quizzes found
Score Distribution
Percent of People with Each Score
Percentile by Number Answered
Your Score History
You have not taken this quiz